Guess the Football Club Logo - Asia/AFC#1 - Statistics

General Stats
  • This quiz has been taken 24 times
    21 since last reset
  • The average score is 9 of 12
Answer Stats
Picture Hint Answer % Correct
Saudi Arabia Al Hilal
100%
Australia Sydney FC
100%
Iran Tractor SC
88%
South Korea Ulsan HD FC
88%
Japan Kashima Antlers
71%
Qatar Al Sadd SC
65%
Malaysia Johor Darul Ta'zim (JDT)
65%
Iran Persepolis FC
65%
South Korea Pohang Steelers
65%
Japan Yokohama F. Marinos
65%
Japan Kawasaki Frontale
59%
Iran Esteghlal FC
53%
No matching quizzes found
Score Distribution
Percent of People with Each Score
Percentile by Number Answered
Your Score History
You have not taken this quiz since the last reset